Normal view
MARC view
Entry Uniform Title
001 - CONTROL NUMBER
- control field: 47859
003 - CONTROL NUMBER IDENTIFIER
- control field: dpl
005 - DATE AND TIME OF LATEST TRANSACTION
- control field: 20120525111751.0
008 - FIXED-LENGTH DATA ELEMENTS
- fixed length control field: 120525|||a|||||| | ||| d
040 ## - CATALOGING SOURCE
- Original cataloging agency: dpl
- Transcribing agency: dpl
130 ## - HEADING--UNIFORM TITLE
- Uniform title: भौतिक-भूगोल-1
670 ## - SOURCE DATA FOUND
- Source citation: Work cat.: (dpl): शर्मा, पवित्र कुमार 47858, रंग-रंगीले पुष्प /, 2005
670 ## - SOURCE DATA FOUND
- Source citation: Work cat.: (dpl): शर्मा, पवित्र कुमार 47858, रंग-रंगीले पुष्प /, 2005
